00751nab a22002297a 4500003000400000005001700004008004100021022001400062040003700076082002800113100001500141245004800156260005100204650001100255650002100266650002300287650001600310650004000326650002600366650001500392773011400407OSt20250402062822.0250327t2004 ||||||||||||| 00| 0 eng d a0115-0839 cJMCFI - Learning Resource Center aPer. 613.'051 H434 2004 aKuzma, Kay a"My kid will never do that." /cKay Kuzma. aManila :bPhilippine Publishing House,c2004.  aLove.  aChild behavior.  aChild psychology.  aParenting.  aParentingxPositive reinforcement.  aChildrenxSelf-worth. aEmotions.  g, volume 45, number 5 (July-August 2004) pages 8-9. tHealth & Home : The National Journal of Better Living